000 00792nam a22002651a 4500
003 AR-BaBN
005 20250624123905.0
007 ta
008 060227s1979 sp |||||||||||||| ||spa
020 _a8474320771
040 _aAR-BaBN
_bspa
_cAR-BaBN
_eaacr
080 _a615.851.52
100 1 _aLemoine, Gennie
245 1 0 _aTeoría del psicodrama :
_bel psicodrama comienza allí donde termina el psicoanalisis /
_cGennie y paul Lemonie
250 _a1a ed.
260 _aBarcelona :
_bGedisa,
_c1972.
300 _a338 p.
650 _aPsicologia
_9108
650 _aPsicodrama
700 1 _aLemoine, Paúl
930 1 _lBNA01
_mLIBRO
_600552861
_820110912
_f11
_n000
_o000682120
942 _2cdu
_cBK
956 _aGSL
_b00
_c20110916
_lBNA01
_h0024
956 _aGSL
_c20130614
_lBNA01
_h1932
999 _c6045
_d6045